000 00209 a2200097 4500
001 26711
100 _aCoville, W.J
245 _aAbnormal psychology
260 _a
_bBarnes noble
_c1960
090 _c17961
_d17961
942 _aNUST-CAE
_cM
_c8848
999 _c261784
_d261784